[Event "ASEAN Masters Circuit GMA"]
[Site "Tarakan INA"]
[Date "2008.01.18"]
[Round "10"]
[White "Nadera,B"]
[Black "Zhang Zhong"]
[Result "1/2-1/2"]
[WhiteElo "2417"]
[BlackElo "2617"]

1.d4 Nf6 2.c4 e6 3.Nc3 Bb4 4.Qc2 O-O 5.a3 Bxc3+ 6.Qxc3 d6 7.Bg5 Nbd7 8.e3 b6
9.f3 c5 10.Bd3 Ba6 11.b4 d5 12.dxc5 dxc4 13.Bxc4 Bxc4 14.Qxc4 bxc5 15.Rd1 Qb6
16.Bxf6 Nxf6 17.bxc5 Qa5+ 18.Kf2 Rfc8 19.Rc1 Nd7 20.Qb4 Qxb4 21.axb4 Ne5
22.Rc3 a5 23.bxa5 Rxa5 24.f4 Rcxc5 25.Rxc5 Nd3+ 26.Kf3 Rxc5 27.Ne2 e5 28.Ra1 g6
29.g4 Rc4 30.f5 Kg7 31.h4 h5 32.Rb1 e4+ 33.Kg3 Nb4 34.Rb2 Nd5 35.Kf2 Nb4
36.Kg3 Nd5 37.Kf2 Nb4  1/2-1/2

[Event "ch-VEN w"]
[Site "San Felipe VEN"]
[Date "2008.01.19"]
[Round "9"]
[White "Ubaldo Suarez,M"]
[Black "Han Wong,I"]
[Result "1-0"]
[WhiteElo "2078"]
[BlackElo "2096"]

1.d4 Nf6 2.c4 e6 3.Nc3 Bb4 4.Qc2 O-O 5.a3 Bxc3+ 6.Qxc3 b6 7.Nf3 Bb7 8.Bg5 d6
9.e3 Nbd7 10.Bd3 c5 11.O-O Rc8 12.Rac1 h6 13.Bh4 cxd4 14.exd4 d5 15.Qb3 Ba8
16.Rfe1 Qc7 17.Nd2 Qb7 18.cxd5 Qxd5 19.Qxd5 Nxd5 20.Ba6 Rxc1 21.Rxc1 Nb8
22.Bb5 Bb7 23.Bg3 Rd8 24.Ne4 Kf8 25.Nd6 Ba8 26.Rc8 Nc6 27.Rxa8 Rxa8 28.Bxc6 Rd8
29.Kf1 Ke7 30.Bxd5 exd5 31.Nf5+ Kf8 32.Bd6+ Kg8 33.Bb4 Kh7 34.Ke2 Rd7 35.Kd3 Kg6
36.g4 h5 37.f3 hxg4 38.fxg4 Kh7 39.Ke3 g6 40.Ng3 Rc7 41.Bc3 Kh6 42.Kf3 f6
43.h4 Rh7 44.h5 Kg7 45.hxg6 Kxg6 46.Nf5 Rd7 47.Kf4 Rc7 48.Ne3 Rd7 49.a4 Rd8
50.a5 bxa5 51.Bxa5 Rd7 52.Nf5 Rb7 53.Bc3 Rd7 54.Nh4+ Kf7 55.Kf5 Rb7 56.Ng6 Rb8
57.Nf4 Rg8 58.Nxd5 Rg5+ 59.Ke4 Rxg4+ 60.Nf4 Rg8 61.d5 Re8+ 62.Kf5 Rb8 63.Bxf6 Rb6
64.Bd4 Ra6 65.Ke5 Ke8 66.Ne6 Ra1 67.d6 Re1+ 68.Kd5 Rh1 69.Kc6 Rh7 70.Ng7+ Kf7
71.d7 Rh8 72.Ne8 Rxe8 73.dxe8=Q+ Kxe8 74.Bxa7 Kd8 75.b4 Kc8 76.b5 Kd8 77.b6 Kc8
78.b7+  1-0

[Event "Open"]
[Site "Marianske Lazne CZE"]
[Date "2008.01.20"]
[Round "2"]
[White "Jochmann,C"]
[Black "De Verdier,M"]
[Result "0-1"]
[WhiteElo "2002"]
[BlackElo "2147"]

1.c4 Nf6 2.Nc3 e6 3.d4 Bb4 4.Qc2 O-O 5.Nf3 c5 6.Bg5 cxd4 7.Nxd4 Qa5 8.Bd2 Qb6
9.e3 Nc6 10.a3 Be7 11.Nf3 d5 12.cxd5 exd5 13.h3 Be6 14.b4 Rac8 15.Bd3 Qd8
16.O-O d4 17.exd4 Nxd4 18.Nxd4 Qxd4 19.Rfd1 Rfd8 20.Be1 Qe5 21.Qe2 Bd6 22.Qxe5 Bxe5
23.Rac1 Bb3 24.Bc2 Bxc2 25.Rxd8+ Rxd8 26.Rxc2 Rc8 27.Kf1 Nd5 28.Ke2 Nxc3+
29.Kd3 Rd8+  0-1

[Event "115th ch-NZL"]
[Site "Auckland NZL"]
[Date "2008.01.21"]
[Round "9"]
[White "Barlow,M"]
[Black "Watson,B"]
[Result "1/2-1/2"]
[WhiteElo "2148"]
[BlackElo "2293"]

1.d4 Nf6 2.c4 e6 3.Nc3 Bb4 4.Qc2 O-O 5.a3 Bxc3+ 6.Qxc3 b6 7.Nf3 Bb7 8.e3 d6
9.Be2 Nbd7 10.O-O c5 11.b4 Rc8 12.Bb2 cxd4 13.Qxd4 Bxf3 14.Bxf3 Ne5 15.Be2 Qe7
16.Rac1 Rfd8 17.Rfd1  1/2-1/2

[Event "Winter Open"]
[Site "Belgrade SRB"]
[Date "2008.01.27"]
[Round "6"]
[White "Damjanovic,D"]
[Black "Nestorovic,L"]
[Result "1-0"]
[WhiteElo "2301"]
[BlackElo "2234"]

1.d4 Nf6 2.c4 e6 3.Nc3 Bb4 4.Qc2 O-O 5.a3 Bxc3+ 6.Qxc3 Ne4 7.Qc2 f5 8.Nf3 b6
9.g3 Bb7 10.Bg2 Nf6 11.Bf4 d6 12.O-O Qe7 13.b4 Nbd7 14.Rfc1 Be4 15.Qc3 Rfe8
16.Bf1 e5 17.dxe5 dxe5 18.Bd2 Bc6 19.Qb3 Kh8 20.Nh4 f4 21.Bg2 Bxg2 22.Nxg2 Ne4
23.Be1 Rf8 24.Qc2 Ng5 25.h4 Ne6 26.Bc3 fxg3 27.fxg3 Nd4 28.Qb2 Nf5 29.Be1 Nf6
30.Rc3 Ne4 31.Rf3 Qd6 32.Bc3 Nfxg3 33.Bxe5 Nxe2+ 34.Kh2 Qe7 35.Re3 Nd6 36.Qxe2 Nf5
37.Re4 Qd7 38.Rd1 Qa4 39.Rd3 Qc6 40.Rd5 Rae8 41.Qg4 Rf7 42.b5 Qg6 43.Bc3 Ref8
44.h5 Qxg4 45.Rxg4 Rg8 46.Kh3 h6 47.Rf4 Rgf8 48.Bb4 Nd6 49.Bxd6 cxd6 50.Rxf7 Rxf7
51.Kg4 Rf6 52.Nf4 Kg8 53.Rf5 Kf7 54.Nd5  1-0

[Event "Winter Open"]
[Site "Belgrade SRB"]
[Date "2008.01.27"]
[Round "6"]
[White "Milosevic,Z"]
[Black "Nestorovic,De"]
[Result "0-1"]
[WhiteElo "2269"]
[BlackElo "2417"]

1.d4 Nf6 2.c4 e6 3.Nc3 Bb4 4.Qc2 O-O 5.Nf3 b6 6.e4 c5 7.a3 cxd4 8.axb4 dxc3
9.bxc3 e5 10.Bd3 d6 11.O-O Nc6 12.Nd2 a5 13.Rd1 Be6 14.Ba3 Qc7 15.Nf1 axb4
16.Bxb4 Rxa1 17.Rxa1 Rc8 18.Ne3 g6 19.Rd1 Ng4 20.Nxg4 Bxg4 21.Rc1 Be6 22.Qa4 Na5
23.Bxa5 bxa5 24.Ra1 Bxc4 25.Bxc4 Qxc4 26.Qxc4 Rxc4 27.f3 Rc5 28.c4 f5 29.Ra4 fxe4
30.fxe4 Kf7 31.Kf2 Kf6 32.Ke3 Kg5 33.Kd3 h5 34.Ra2 Kg4 35.Kc3 Kf4 36.Kd3 h4
37.Rf2+ Kg5 38.Ra2 Kg4 39.Kc3 g5 40.Kd3 h3 41.Kc3 Rc6 42.Kd3 Ra6 43.gxh3+ Kxh3
44.c5 dxc5 45.Kc4 Rd6 46.Rxa5 Rd4+ 47.Kc3 Kxh2 48.Rxc5 Rxe4 49.Kd3 Rf4 50.Rxe5 g4
51.Ke3 Rf8 52.Re7 g3 53.Rh7+ Kg1 54.Ke2 g2 55.Rh6 Re8+ 56.Kd3 Re5 57.Rh8 Kf2
58.Rf8+ Kg3 59.Rg8+ Kf3 60.Rg7 Rd5+  0-1

[Event "6th ch-PriFO Men"]
[Site "Kazan RUS"]
[Date "2008.01.27"]
[Round "5"]
[White "Dimukhametov,A"]
[Black "Bukavshin,I"]
[Result "1/2-1/2"]
[WhiteElo "2334"]
[BlackElo "2255"]

1.d4 Nf6 2.c4 e6 3.Nc3 Bb4 4.Qc2 O-O 5.a3 Bxc3+ 6.Qxc3 b6 7.Bg5 Bb7 8.e3 d6
9.Ne2 Nbd7 10.Qc2 c5 11.Nc3 Rc8 12.Bd3 h6 13.Bf4 e5 14.dxe5 dxe5 15.Bg3 Bxg2
16.Rg1 Bf3 17.Bf5 Kh8 18.Bxd7 Qxd7 19.Bxe5 Qe6 20.Bxf6 Qxf6 21.Nd5 Qe5 22.Qc3 Rfe8
23.Rg3 Bxd5 24.cxd5 Rcd8 25.O-O-O Qxc3+ 26.bxc3 Re5 27.Rdg1 g6 28.c4 b5 29.cxb5 Rexd5
30.f4 c4 31.a4 a6 32.bxa6 Ra5 33.Rd1 Rxd1+ 34.Kxd1 Rxa4 35.Rg2 Rxa6 36.Rc2 Rc6
37.Kd2 Kg7 38.Kc3 Kf6 39.e4 g5 40.fxg5+ hxg5 41.Kd4 Ke6 42.Rxc4 Rxc4+ 43.Kxc4 Ke5
44.Kd3 Kf4 45.Kd4 g4 46.Kd5 f6 47.Ke6 Kxe4  1/2-1/2

[Event "Winter Open"]
[Site "Belgrade SRB"]
[Date "2008.01.28"]
[Round "7"]
[White "Maksimovic,Ma"]
[Black "Milic,D"]
[Result "1-0"]
[WhiteElo "2127"]
[BlackElo "2031"]

1.d4 Nf6 2.c4 e6 3.Nc3 Bb4 4.Qc2 O-O 5.a3 Bxc3+ 6.Qxc3 d6 7.Bg5 Nbd7 8.Nf3 Qe8
9.Nd2 e5 10.d5 h6 11.Bxf6 Nxf6 12.e4 Qe7 13.Be2 Nh7 14.O-O f5 15.Bd3 f4 16.Rfc1 f3
17.Nxf3 Rxf3 18.gxf3 Bh3 19.Bf1 Bd7 20.Bg2 Rf8 21.f4 exf4 22.f3 g5 23.Re1 g4
24.e5 g3 25.hxg3 fxg3 26.e6 Be8 27.Re4 h5 28.Qe3 Qf6 29.Qd4 Qg5 30.Qe3 Qf6
31.Qd4 Qg5 32.e7 Rf7 33.Bh3 Rg7 34.Qe3 Qxe3+ 35.Rxe3 Nf6 36.Rae1 Kf7 37.b4 Kg6
38.Re6 Kg5 39.f4+ Kg6 40.c5 Rg8 41.cxd6 cxd6 42.Rxd6 Bf7 43.Rxf6+ Kxf6 44.d6  1-0

[Event "4th Open C Women"]
[Site "Moscow RUS"]
[Date "2008.02.02"]
[Round "1"]
[White "Blokhina,E"]
[Black "Huda,Mary"]
[Result "1/2-1/2"]
[WhiteElo "1947"]
[BlackElo "2278"]

1.d4 Nf6 2.c4 e6 3.Nc3 Bb4 4.Qc2 O-O 5.Nf3 c5 6.dxc5 Na6 7.a3 Bxc3+ 8.Qxc3 Nxc5
9.e3 d5 10.Be2 Bd7 11.cxd5 Rc8 12.dxe6 Bxe6 13.Nd4 Bd5 14.Qd2 Bxg2 15.Rg1 Be4
16.b4 Na4 17.Bb2 Qc7 18.Rg3 Bg6 19.Bf3 Qb6 20.Rc1 a5 21.Rxc8 Rxc8 22.Rg5 Nxb2
23.Qxb2 axb4 24.axb4 Qd6 25.Bxb7 Rb8 26.Rc5 Qxh2 27.Bf3 Be4 28.Qc3 Qg1+ 29.Ke2 h5
30.Rc8+ Rxc8 31.Qxc8+ Kh7 32.Bxe4+ Nxe4 33.Qf5+ Qg6 34.Qxg6+ Kxg6 35.b5 Nd6
36.b6 Kf6 37.Nb5 Nb7  1/2-1/2

[Event "FSIMA February"]
[Site "Budapest HUN"]
[Date "2008.02.03"]
[Round "2"]
[White "Gara,A"]
[Black "Kahn,E"]
[Result "1/2-1/2"]
[WhiteElo "2325"]
[BlackElo "2326"]

1.d4 Nf6 2.c4 e6 3.Nc3 Bb4 4.Qc2 O-O 5.a3 Bxc3+ 6.Qxc3 b6 7.Bg5 h6 8.Bh4 Bb7
9.f3 d6 10.e3 Nbd7 11.Bd3  1/2-1/2

[Event "Velammal 45th National A ch-IND"]
[Site "Chennai IND"]
[Date "2008.02.07"]
[Round "5"]
[White "Arun Prasad,S"]
[Black "Adhiban,B"]
[Result "0-1"]
[WhiteElo "2423"]
[BlackElo "2401"]

1.d4 Nf6 2.c4 e6 3.Nc3 Bb4 4.Qc2 O-O 5.a3 Bxc3+ 6.Qxc3 b6 7.Bg5 Bb7 8.e3 d6
9.Ne2 Nbd7 10.Qc2 c5 11.Rd1 Qe7 12.Nc3 h6 13.Bh4 a6 14.f3 d5 15.cxd5 exd5
16.Bf2 c4 17.Be2 b5 18.O-O Bc6 19.Rfe1 Rfe8 20.Bf1 Nb6 21.e4 dxe4 22.fxe4 Bxe4
23.Nxe4 Nxe4 24.g4 f5 25.gxf5 Qg5+ 26.Bg2 Nf6 27.Kh1 Nbd5 28.Re5 Rad8 29.Rg1 Qh5
30.Qd2 Kh7 31.Bg3 Qg5 32.Qxg5 hxg5 33.Rxe8 Rxe8 34.Be5 Ne3 35.Bc6 Re7 36.Bd6 Rf7
37.Rxg5 Nd1 38.Rg2 Ne3 39.Re2 Nxf5 40.Bc5 Nh4 41.Re7 Rxe7 42.Bxe7 Kg6 43.Bc5 Nf5
44.Bb7 Ne8 45.Bc6 Ned6 46.Kg2 Kg5 47.Kf3 Nh4+ 48.Ke3 Nhf5+ 49.Kd2 Kf4 50.Kc3 Ke3
51.Kb4 Kd3 52.Bxd6 Nxd6 53.Kc5 Nf7 54.Be8 Ng5 55.Bg6+ Kd2 56.Kb4 Kc1 57.Kc3 Ne6
58.d5 Nf4 59.d6 a5 60.Kd4 Nxg6 61.d7 Nf8  0-1

[Event "FSIMA February"]
[Site "Budapest HUN"]
[Date "2008.02.11"]
[Round "10"]
[White "Kahn,E"]
[Black "Eperjesi,L"]
[Result "1-0"]
[WhiteElo "2326"]
[BlackElo "2285"]

1.d4 Nf6 2.c4 e6 3.Nc3 Bb4 4.Qc2 O-O 5.Bg5 h6 6.Bh4 d6 7.Nf3 Nbd7 8.e3 c5
9.Bd3 cxd4 10.exd4 Qa5 11.O-O Bxc3 12.bxc3 b6 13.Bg3 e5 14.Rab1 Ba6 15.Rb4 e4
16.Bxe4 Nxe4 17.Qxe4 d5 18.Qf5 Nf6 19.Be5 dxc4 20.Qc2 Bb7 21.Bxf6 Bxf3 22.gxf3 gxf6
23.Kh1 Qh5 24.Qe4 Rfe8 25.Rg1+ Kf8 26.Qf4 Rac8 27.a4 Re2 28.Rb5 Qh3 29.Qxf6 Re6
30.Qf4 Rce8 31.Rf5 R8e7 32.d5 Re5 33.Rxe5 Rxe5 34.d6 Qe6 35.d7 Ke7 36.Rd1 Rd5
37.d8=Q+ Rxd8 38.Qc7+ Rd7 39.Rxd7+ Qxd7 40.Qxc4 Qd2 41.Kg2 f5 42.h4 Qd6 43.Qg8 Qe6
44.Qg7+ Kd8 45.Qxa7 Qg6+ 46.Kh2 Qd6+ 47.Kh3 Qd5 48.Qxb6+  1-0

[Event "43rd ch-CYP"]
[Site "Limassol CYP"]
[Date "2008.02.16"]
[Round "9"]
[White "Savva,P"]
[Black "Sarmadi,A"]
[Result "0-1"]
[WhiteElo "2086"]
[BlackElo "1970"]

1.d4 Nf6 2.c4 e6 3.Nc3 Bb4 4.Qc2 O-O 5.a3 Bxc3+ 6.Qxc3 d6 7.Nf3 Nbd7 8.e3 Qe7
9.Be2 e5 10.O-O c5 11.Qc2 Re8 12.Re1 e4 13.Ng5 Nf8 14.f3 Bf5 15.Qd1 Rad8
16.Bd2 Ng6 17.fxe4 Nxe4 18.Nxe4 Bxe4 19.Bf1 Qg5 20.Qe2 Nh4 21.Kh1 Re6 22.Qf2 Rg6
23.Re2 Rf6 24.Qg3 Qxg3 25.hxg3 Nf5 26.Rf2 Rh6+ 27.Kg1 Nxg3 28.Rf4 f5 29.Kf2 Nxf1
30.Rxf1 g5 31.Rxe4 fxe4 32.Kg1 Rf8 33.Rd1 g4 34.Be1 b6 35.dxc5 bxc5 36.Bg3 Rff6
37.Bf4 Rhg6 38.Rd5 a5 39.Bg3 a4 40.Bh4 Rf7 41.Bg3 Rb7 42.Rd2 Rb3 43.Kf2 Rd3
44.Rc2 Kf7 45.Ke2 Ke6 46.Be1 h5 47.Bg3 d5 48.cxd5+ Kxd5 49.Rc1 Rb6 50.Rc2 Rbb3
51.Bf4 h4 52.Kf2 c4 53.Bg5 c3 54.bxc3 Rbxc3 55.Rb2 Rxa3 56.Bxh4 Rxe3 57.g3 Rf3+
58.Kg2 e3 59.Be7 Rb3  0-1

[Event "6th Festival Gp A"]
[Site "Nancy FRA"]
[Date "2008.02.20"]
[Round "4"]
[White "Nezar,M"]
[Black "Landa,K"]
[Result "1/2-1/2"]
[WhiteElo "2404"]
[BlackElo "2641"]

1.d4 Nf6 2.c4 e6 3.Nc3 Bb4 4.Qc2 O-O 5.Bg5 h6 6.Bh4 c5 7.dxc5 Nc6 8.Nf3 Bxc5
9.a3 Be7 10.e3 b6 11.Be2 Bb7 12.O-O Rc8 13.Rfd1 Na5 14.Ne5 d6 15.b4 Nc6 16.Nf3 a6
17.Rac1 Nb8 18.Qb3 Nbd7 19.Bg3 Qc7 20.h3 Rfd8 21.Qb1 Qb8 22.Rd4 Ne8 23.Ne4 Ndf6
24.Nxf6+ Nxf6 25.Bh4 Qa8 26.Rdd1 Be4 27.Qb3 Qb7 28.Ne1 d5 29.cxd5 Bxd5 30.Qb2 b5
31.Bf3 Rc4 32.Rxc4 bxc4 33.Bxd5 Nxd5 34.Bxe7 Qxe7 35.Qd4 Rc8 36.Rc1 c3 37.Nd3 f5
38.Rc2 a5 39.Nf4 Nxf4 40.exf4 axb4 41.axb4 Qc7 42.b5 Kf7 43.b6 Qb7 44.Rxc3  1/2-1/2

[Event "Breizh Masters A"]
[Site "Guingamp FRA"]
[Date "2008.02.24"]
[Round "3"]
[White "Flear,G"]
[Black "Monroy,C"]
[Result "1-0"]
[WhiteElo "2493"]
[BlackElo "2380"]

1.d4 Nf6 2.c4 e6 3.Nc3 Bb4 4.Qc2 O-O 5.a3 Bxc3+ 6.Qxc3 b6 7.Bg5 Ba6 8.Qf3 Nc6
9.e3 h6 10.Bxf6 Qxf6 11.Qxf6 gxf6 12.b4 Ne7 13.Be2 Bb7 14.Bf3 Bxf3 15.Nxf3 d6
16.Ke2 c5 17.dxc5 dxc5 18.bxc5 bxc5 19.Rab1 Nc8 20.Rb5 Nd6 21.Rxc5 Ne4 22.Rc7 Rfb8
23.Nd2 Rb2 24.Rd7 Rab8 25.Rd4 f5 26.Rc1 Ra2 27.f3 Nc5 28.Rc3 Rbb2 29.Ke1 a5
30.Kd1 a4 31.Kc1 Kf8 32.h3 h5 33.h4 Ke7 34.g3 Kf8 35.Rd8+ Ke7 36.Rd4 Nb3+
37.Nxb3 axb3 38.Rd1 Rf2 39.Rxb3 Ra1+ 40.Rb1 Rxa3 41.Rb7+ Kf6 42.f4 Rxe3 43.Rd2 Rf1+
44.Kb2 Rxg3 45.c5 Rxf4 46.c6 Rc4 47.c7 Rgc3 48.Rd7 Ke5 49.Rxf7 Rc6 50.Rd7 f4
51.Rh7 Ke4 52.Rxh5 Rxc7 53.Rbb5 R3c6 54.Rhe5+ Kf3 55.h5 Rc2+ 56.Kb3 R7c3+
57.Kb4 Re3 58.h6 Rb2+ 59.Kc4 Rxb5 60.Rxb5 Kg4 61.Rh5 Kxh5 62.h7 Kg4 63.h8=Q Kg3
64.Qh1 e5 65.Qf1 Re4+ 66.Kd5 Re3 67.Ke6 Kh2 68.Qf2+ Kh3 69.Kf5 e4 70.Qf1+ Kh2
71.Qxf4+ Rg3 72.Kxe4 Kg2 73.Qd2+ Kh3 74.Qe2 Ra3 75.Kf4 Ra4+ 76.Kf3 Ra3+ 77.Kf2 Kh2
78.Qe5+  1-0

[Event "6th Festival Gp B"]
[Site "Nancy FRA"]
[Date "2008.02.24"]
[Round "9"]
[White "Gladyszev,O"]
[Black "Berend,F"]
[Result "1-0"]
[WhiteElo "2485"]
[BlackElo "2343"]

1.d4 Nf6 2.c4 e6 3.Nc3 Bb4 4.Qc2 O-O 5.a3 Bxc3+ 6.Qxc3 b6 7.Bg5 Bb7 8.e3 d6
9.Ne2 Nbd7 10.Qc2 h6 11.Bh4 c5 12.Rd1 Rc8 13.Nc3 Qe7 14.d5 exd5 15.Nxd5 Bxd5
16.cxd5 c4 17.Be2 b5 18.O-O Qe4 19.Qxe4 Nxe4 20.f3 Nec5 21.e4 Rfe8 22.g4 Ne5
23.b4 Na4 24.Rc1 f6 25.Rc2 Ra8 26.Rd1 Kf7 27.Bg3 Ke7 28.f4 Nf7 29.Bf3 Rad8
30.Bf2 Rd7 31.Bd4 g5 32.Rf1 gxf4 33.Bd1 Ne5 34.Rxf4 Rg8 35.Kf1 Nb6 36.Rc3 Rg6
37.Rh3 Rc7 38.Be2 Nbd7 39.Rc3 Rg8 40.Ke1 Ra8 41.Kd2 Rh8 42.Rh3 Kf7 43.Rf1 Kg7
44.Rh5 Re8 45.Rhf5 a6 46.h4 Ng6 47.g5 Rxe4 48.gxf6+ Kf7 49.Bc3 Rxh4 50.Rh5 Nde5
51.Rxh4 Nxh4 52.Bh5+ Kf8 53.Bxe5 dxe5 54.Re1 Nf5 55.Rxe5 Nd6 56.Kc3 Rd7 57.Re6 Rd8
58.Kd4 Nf5+ 59.Ke5 Ne3 60.d6 c3 61.d7 Nc4+ 62.Kf4 Kg8 63.Re8+ Kh7 64.Rxd8  1-0

[Event "ch-ROU"]
[Site "Cluj ROU"]
[Date "2008.02.26"]
[Round "3"]
[White "Miron,L"]
[Black "Bida,M"]
[Result "1-0"]
[WhiteElo "2408"]
[BlackElo "1921"]

1.d4 Nf6 2.c4 e6 3.Nc3 Bb4 4.Qc2 O-O 5.a3 Bxc3+ 6.Qxc3 b6 7.Bg5 Bb7 8.e3 d6
9.f3 Nbd7 10.Ne2 c5 11.Qc2 Rc8 12.Rd1 Qe7 13.Nc3 Rfd8 14.Be2 cxd4 15.Rxd4 e5
16.Rd1 Nc5 17.O-O Ne6 18.Bh4 Nc7 19.Qa4 Na6 20.b4 Ra8 21.e4 Nc7 22.Nd5 Ncxd5
23.exd5 Rdc8 24.Bd3 h6 25.Qb3 Rab8 26.a4 a5 27.Rde1 g5 28.Bf2 Nd7 29.Bf5 axb4
30.Qxb4 Ba6 31.Rc1 Rc7 32.a5 Nc5 33.Bxc5 dxc5 34.Qd2 Qd6 35.h4 f6 36.axb6 Rxb6
37.Qd3 Rg7 38.Be6+ Kf8 39.h5 Rb4 40.Rf2 Ke8 41.Ra2 Kd8 42.Qf5 Ke7 43.Rca1 Bb7
44.Ra7 Qb6 45.R1a6 Qxa6 46.Rxa6 Bxa6 47.d6+ Kxd6 48.Qxf6 Ra7 49.Bc8+ Kc7
50.Bxa6 Rb6 51.Qe7+  1-0

[Event "XI Open"]
[Site "Malaga ESP"]
[Date "2008.02.26"]
[Round "5"]
[White "Nava Baro,E"]
[Black "Huerga Leache,M"]
[Result "1/2-1/2"]
[WhiteElo "2258"]
[BlackElo "2440"]

1.d4 Nf6 2.c4 e6 3.Nc3 Bb4 4.Qc2 O-O 5.a3 Bxc3+ 6.Qxc3 b5 7.e3 bxc4 8.Bxc4 Ne4
9.Qc2 Bb7 10.Nf3 f5 11.O-O Rf6 12.Rd1 Nd6 13.d5 Kh8 14.Ba2 Qe7 15.b4 exd5
16.Bxd5 Bxd5 17.Rxd5 Qe4 18.Qd1 Nc4 19.Ng5 Qh4 20.Nf3 Qe4 21.Ng5 Qh4 22.Nf3  1/2-1/2

[Event "Breizh Masters A"]
[Site "Guingamp FRA"]
[Date "2008.02.28"]
[Round "7"]
[White "Terrieux,K"]
[Black "Monroy,C"]
[Result "0-1"]
[WhiteElo "2363"]
[BlackElo "2380"]

1.d4 Nf6 2.c4 e6 3.Nc3 Bb4 4.Qc2 O-O 5.a3 Bxc3+ 6.Qxc3 Ne4 7.Qc2 f5 8.e3 b6
9.Bd3 Bb7 10.Ne2 Qh4 11.Ng3 d6 12.Bxe4 Bxe4 13.Nxe4 fxe4 14.O-O Nd7 15.Qe2 Rf6
16.f4 exf3 17.Rxf3 Rxf3 18.gxf3 e5 19.d5 Rf8 20.f4 Nf6 21.Bd2 exf4 22.exf4 Re8
23.Qg2 Qh5 24.Bc3 Re2 25.Qg3 Qh6 26.Re1 Ne4 27.Rxe2 Nxg3 28.hxg3 Kf7 29.f5 Qh3  0-1

[Event "FSIM March"]
[Site "Budapest HUN"]
[Date "2008.03.08"]
[Round "7"]
[White "Balla,Ta"]
[Black "Lengyel,B"]
[Result "1-0"]
[WhiteElo "2341"]
[BlackElo "2261"]

1.d4 Nf6 2.c4 e6 3.Nc3 Bb4 4.Qc2 O-O 5.Bg5 d5 6.a3 Be7 7.e3 Nbd7 8.Nf3 c6
9.Bd3 h6 10.Bf4 Nh5 11.h3 Nxf4 12.exf4 dxc4 13.Bxc4 Nb6 14.Ba2 Bf6 15.O-O Nd5
16.g3 g6 17.Rad1 Bg7 18.Ne5 Bd7 19.Rfe1 Re8 20.Ne4 Re7 21.h4 Be8 22.Kg2 Qc7
23.h5 gxh5 24.Rh1 Rd8 25.Bb1 f5 26.Nc3 b6 27.Nxd5 cxd5 28.Qd2 Bf6 29.Nf3 Rg7
30.Bd3 Qd6 31.Qe3 Rc8 32.Kf1 a5 33.Ke2 Rgc7 34.Kf1 Rb8 35.Ne1 b5 36.Be2 b4
37.Bxh5 Bxh5 38.Rxh5 Bg7 39.Rd3 Rbc8 40.axb4 axb4 41.Kg2 Rc1 42.Rb3 R8c4
43.Nf3 Rd1 44.Rh1 Rxh1 45.Kxh1 Qc6 46.Kg2 Qb6 47.Rd3 Rc7 48.Qe2 Qa6 49.Qd1 Qc8
50.Qe1 Rc4 51.Re3 Kf7 52.Qh1 Rc1 53.Qh5+ Kf8 54.Nh4 Qa6 55.Re2  1-0

[Event "ch-UKR Boys u20"]
[Site "Odessa UKR"]
[Date "2008.03.08"]
[Round "4"]
[White "Borsuk,K"]
[Black "Grekh,A"]
[Result "1-0"]
[WhiteElo "2297"]
[BlackElo "2376"]

1.d4 Nf6 2.c4 e6 3.Nc3 Bb4 4.Qc2 O-O 5.a3 Bxc3+ 6.Qxc3 b6 7.Bg5 Bb7 8.Nf3 h6
9.Bh4 d6 10.Nd2 c5 11.dxc5 dxc5 12.e3 Nbd7 13.f3 Qc7 14.Be2 e5 15.Qc2 Rfe8
16.O-O Qc6 17.Bd3 Nf8 18.Rad1 g5 19.Bg3 Rad8 20.Ne4 Kg7 21.h4 Rxd3 22.Qxd3 Nxe4
23.fxe4 Qxe4 24.Qxe4 Bxe4 25.Rd6 f5 26.hxg5 hxg5 27.Rfd1 Re7 28.Rd8 Kf7 29.Be1 Bc2
30.Rc1 Be4 31.Bc3 Nd7 32.b4 f4 33.Rd1 Ke6 34.Rg8 Kf5 35.Rd6 Bb7 36.Rdg6 Ke4
37.Rxg5 Kd3 38.Be1 Kxc4 39.R8g7 Rxg7 40.Rxg7 Bc6 41.exf4 exf4 42.Rf7 f3 43.g4 Ne5
44.Rf6 Be4 45.Bg3 f2+ 46.Rxf2 Nf3+ 47.Kg2 Ng5+ 48.Kh2 cxb4 49.axb4 Kxb4 50.Bh4 Ne6
51.Rf6 Bd5 52.g5 a5 53.g6 a4 54.Rf7 Nd4 55.Rf4  1-0

[Event "TCh-AUT 1st Bundesliga 2007-8"]
[Site "Graz AUT"]
[Date "2008.03.13"]
[Round "8"]
[White "Tabernig,B"]
[Black "Lendwai,R"]
[Result "0-1"]
[WhiteElo "2323"]
[BlackElo "2423"]

1.d4 Nf6 2.c4 e6 3.Nc3 Bb4 4.Qc2 O-O 5.a3 Bxc3+ 6.Qxc3 d6 7.Bg5 Nbd7 8.e3 b6
9.Nh3 h6 10.Bh4 c5 11.Bd3 Bb7 12.O-O Rc8 13.Qd2 Qe7 14.Rac1 Rfd8 15.f4 d5
16.f5 e5 17.cxd5 Bxd5 18.Ba6 Rb8 19.Nf2 Qd6 20.Bb5 Bb7 21.Rfd1 exd4 22.exd4 Qd5
23.Bf1 Qxf5 24.dxc5 bxc5 25.Qa5 a6 26.b4 Rdc8 27.Bg3 Ra8 28.Bd6 Ne4 29.Nxe4 Qxe4
30.bxc5 Qe3+ 31.Kh1 Nf6 32.Re1 Qg5 33.Be7 Qf5 34.Bxf6 Qxf6 35.Qb6 Bc6 36.Qb4 Rab8
37.Qc3 Qxc3 38.Rxc3 Rb2 39.Rg3 a5 40.h3 Rd8 41.Kh2 Rc2 42.Re5 Rd5 43.Rxd5 Bxd5
44.Rd3 Rxc5 45.Be2 Kf8 46.Bf3 Be6 47.Kg3 Ke7 48.Kf2 Rc2+ 49.Ke3 g5 50.Be4 Kf6
51.Kf3 Ke5 52.Re3 Rb2 53.g4 Rb3 54.Bc2+ Rxe3+ 55.Kxe3 f5 56.Bd1 f4+ 57.Kf2 Kd4
58.h4 Kc3 59.hxg5 hxg5 60.Kf3 Bd5+ 61.Ke2 Be4  0-1

[Event "TCh-HUN 2007-8"]
[Site "Budapest HUN"]
[Date "2008.03.16"]
[Round "8"]
[White "Flumbort,A"]
[Black "Lorincz,I"]
[Result "1-0"]
[WhiteElo "2499"]
[BlackElo "2315"]

1.d4 Nf6 2.c4 e6 3.Nc3 Bb4 4.Qc2 O-O 5.a3 Bxc3+ 6.Qxc3 b6 7.Bg5 h6 8.Bh4 Bb7
9.f3 c5 10.dxc5 bxc5 11.e3 d6 12.Nh3 Nbd7 13.Nf2 Qb6 14.Be2 Rab8 15.O-O Ba8
16.Rab1 Qb3 17.Qd2 Rb6 18.Bg3 e5 19.Rfc1 Qa4 20.Nd1 Rfb8 21.Nc3 Qa5 22.b4 cxb4
23.Nb5 Rc6 24.e4 Ra6 25.axb4 Qd8 26.Nxd6  1-0

[Event "Doeberl Cup"]
[Site "Canberra AUS"]
[Date "2008.03.20"]
[Round "1"]
[White "De Noskowski,A"]
[Black "Samar,R"]
[Result "0-1"]
[WhiteElo "1959"]
[BlackElo "2254"]

1.d4 Nf6 2.c4 e6 3.Nc3 Bb4 4.Qc2 O-O 5.a3 Bxc3+ 6.Qxc3 d5 7.e3 Ne4 8.Qc2 c6
9.Bd3 f5 10.Nf3 Nd7 11.b4 Re8 12.Bb2 Rb8 13.Rc1 a6 14.a4 h6 15.cxd5 exd5
16.O-O Re6 17.Ne5 Nxe5 18.dxe5 g6 19.f3 Ng5 20.a5 Bd7 21.h4 Nf7 22.h5 Qg5
23.f4 Qg3 24.Rf3 Qh4 25.Rh3 Qe7 26.hxg6 Rxg6 27.Bxf5 Bxf5 28.Qxf5 Rg7 29.e6 Nd6
30.Qe5 Rh7 31.Rg3+ Kf8 32.f5 Re8 33.Rg6 Ne4 34.Rf1 Qd6 35.Qd4 h5 36.Rf4 Qe7
37.Qe5 Nd2 38.Rf6+ Kg8 39.Rf7 Qg5 40.Rxh7 Kxh7 41.Qc7+ Kh6 42.Rf2 Ne4 43.Be5 Nxf2
44.Bf4 Nh3+ 45.Kh2 Nxf4 46.exf4 Qh4+ 47.Kg1 Qe1+ 48.Kh2 Rg8 49.Qf7 Qg3+  0-1

[Event "Isbank Ataturk Women's Masters"]
[Site "Istanbul TUR"]
[Date "2008.03.20"]
[Round "9"]
[White "Zhao Xue"]
[Black "Atalik,E"]
[Result "1-0"]
[WhiteElo "2517"]
[BlackElo "2408"]

1.d4 Nf6 2.c4 e6 3.Nc3 Bb4 4.Qc2 O-O 5.a3 Bxc3+ 6.Qxc3 b6 7.Bg5 Ba6 8.Qf3 Nc6
9.e3 Na5 10.Rc1 c5 11.e4 h6 12.h4 hxg5 13.hxg5 Re8 14.Qh3 Kf8 15.gxf6 Qxf6
16.b4 Qg5 17.Kd1 Nc6 18.b5 Bxb5 19.cxb5 Nxd4 20.Nf3 Nxf3 21.Qxf3 Qe5 22.Qe3 Ke7
23.f4 Qb2 24.Qc3 Qf2 25.Qd2 Qxd2+ 26.Kxd2 Rh8 27.Be2 d5 28.Rxh8 Rxh8 29.exd5 exd5
30.Bf3 Kd6 31.Re1 Rh4 32.Re5 d4 33.Rd5+ Ke7 34.Re5+ Kd6 35.Re8 Rxf4 36.Rd8+ Ke5
37.Rd7 g5 38.Rxa7 g4 39.Be2 Rf2 40.Ke1 Rxg2 41.Rxf7 Rg3 42.Rg7 Rxa3 43.Rg5+ Kf6
44.Rxg4 Ra1+ 45.Kf2 Ra2 46.Kf3 Ra3+ 47.Kf4 d3 48.Bd1 Ra1 49.Rg1 Rb1 50.Ke3 Rxb5
51.Kxd3 Rb4 52.Kc3 Ke5 53.Rg6 Kf4 54.Bc2 Ke5 55.Bb3 Kf4 56.Re6 Kf5 57.Re8 Kf6
58.Bc2 Kf7 59.Re1 Kf6 60.Kd2 Rd4+ 61.Kc3 Rb4 62.Bd3 Kf7 63.Kd2 Rb2+ 64.Ke3 Ke6
65.Rh1 Kd5 66.Rh5+ Kd6 67.Be4 Rb3+ 68.Kf4 c4 69.Rd5+ Ke6 70.Rd1 b5 71.Bf5+ Kf6
72.Rd6+ Ke7 73.Rc6 Rb2 74.Ke5 Re2+ 75.Be4 Rh2 76.Rc7+ Kd8 77.Rc5 b4 78.Bf5 c3
79.Kf6 Rh6+ 80.Kf7  1-0

[Event "67th ch-GEO KO"]
[Site "Tbilisi GEO"]
[Date "2008.03.20"]
[Round "2.3"]
[White "Kekelidze,M"]
[Black "Arutinian,D"]
[Result "1/2-1/2"]
[WhiteElo "2454"]
[BlackElo "2576"]

1.d4 e6 2.c4 Nf6 3.Nc3 Bb4 4.Qc2 O-O 5.e4 d5 6.e5 Ne4 7.a3 Bxc3+ 8.bxc3 c5
9.Bd3 cxd4 10.cxd4 Nc6 11.Ne2 f6 12.O-O fxe5 13.dxe5 Nxe5 14.Bxe4 dxe4 15.Qxe4 Nc6
16.Bb2 Qb6 17.Rab1 Qc7 18.Rbd1 e5 19.Nc3 Bf5 20.Qd5+ Qf7 21.Nb5 Be6 22.Qe4 Rad8
23.Nd6 Rxd6 24.Rxd6 Bxc4 25.Rd7 Qxd7 26.Qxc4+ Qf7 27.Qe4 Qf4 28.Qd5+ Kh8
29.Qb5 Rf7 30.Qc5 h6 31.Rd1 Qe4 32.Bc3 Qc2 33.Re1 Rd7 34.h3 Kh7 35.Qe3 Rd5
36.Qf3 Rc5 37.Re3 Rc4 38.Bxe5  1/2-1/2

[Event "20th Festival"]
[Site "Lenk SUI"]
[Date "2008.03.21"]
[Round "3"]
[White "Mueller,Le"]
[Black "Jenni,F"]
[Result "0-1"]
[WhiteElo "2170"]
[BlackElo "2531"]

1.d4 Nf6 2.c4 e6 3.Nc3 Bb4 4.Qc2 O-O 5.a3 Bxc3+ 6.Qxc3 d6 7.g3 e5 8.dxe5 dxe5
9.Bg2 Qe7 10.Nf3 Nc6 11.O-O Bg4 12.Re1 a5 13.b3 Rfe8 14.Be3 Ne4 15.Qc2 Nc5
16.h3 Bh5 17.Nh4 Nd4 18.Bxd4 exd4 19.b4 axb4 20.axb4 Rxa1 21.Rxa1 Na6 22.b5 Nc5
23.Bf3 d3 24.exd3 Qf6 25.d4 Qxd4 26.Rd1 Bxf3 27.Nxf3 Qf6 28.Kg2 g6 29.h4 b6
30.Re1 Rd8 31.Rd1 Ra8 32.Ng5 Re8 33.Nf3 Kg7 34.Re1 Rd8 35.Rd1 Ra8 36.Ng5 Re8
37.Nf3 h6 38.Re1 Ra8 39.Qd2 Rd8 40.Qc2 Rd3 41.Ne5 Rd4 42.Nf3 Rd8 43.Ne5 h5
44.Nf3 c6 45.Rd1 Rxd1 46.Qxd1 cxb5 47.cxb5 Qb2 48.Qd6 Qxf2+ 49.Kxf2 Ne4+
50.Ke3 Nxd6 51.Ne5 Kf6 52.Nd7+ Kf5 53.Nxb6 Kg4 54.Kf2 Nxb5 55.Nd7 Kf5 56.Nc5 Nd4
57.Nd7 Nc6 58.Nc5 Ne5 59.Nb3 Kg4 60.Nc5 f5 61.Ne6 Nd3+ 62.Kg2 f4 63.gxf4 Nxf4+
64.Nxf4 Kxf4 65.Kh3 Kf3  0-1